000 00324nam a22001337a 4500
008 181023b xxu||||| |||| 00| 0 eng d
020 _a9780312674892
041 _aeng
080 _22nd
_a371
100 _a46
101 _aEDU
245 _aHow to Write Anything A Guide and Reference
_cRuszkiewicz,J,J
942 _2udc
_cBK
999 _c50649
_d50649